|
|
|
|
| LEADER |
00000cam a2200000 i 4500 |
| 001 |
1/57335 |
| 008 |
141001r2011 gr | ||| |||| ||gre|| |
| 020 |
|
|
|a 9789609405904
|
| 035 |
|
|
|l 10119332
|
| 040 |
|
|
|a GR-MyUa
|b gre
|e AACR2
|
| 041 |
1 |
|
|a gre
|h eng
|
| 082 |
7 |
|
|a 152.4
|2 (23)
|
| 100 |
1 |
|
|a Goleman, Daniel.
|
| 245 |
1 |
2 |
|a Η συναισθηματική νοημοσύνη :
|b γιατί το "EQ" είναι πιο σημαντικό απο το "IQ"; /
|c Daniel Goleman ; μετάφραση: Άννα Παπασταύρου ; επιμέλεια: Ιωάννης Ν. Νέστορος, Χρύσα Ξενάκη.
|
| 260 |
|
|
|a Αθήνα :
|b Πεδίο,
|c 2011.
|
| 300 |
|
|
|a 486 σ. ;
|c 23 εκ.
|
| 500 |
|
|
|a Τίτλος πρωτοτύπου: Emotional Intelligence: Why It Can Matter More Than IQ.
|
| 504 |
|
|
|a Περιέχει βιβλιογραφικές παραπομπές.
|
| 650 |
|
0 |
|a Emotions.
|
| 650 |
|
0 |
|a Emotions and cognition.
|
| 650 |
|
0 |
|a Emotions
|x Social aspects.
|
| 700 |
1 |
|
|a Νέστορος, Ιωάννης Ν.,
|d 1948-
|e edt
|
| 700 |
1 |
|
|a Ξενάκη, Χρύσα,
|e edt
|
| 700 |
1 |
|
|a Παπασταύρου, Άννα,
|e trlf
|
| 852 |
|
|
|a INST
|b RHODES
|e 20141001
|h 152.4 GOL
|p 005400036932
|q 005400036932
|t BK
|y 4
|x 20210215
|
| 901 |
|
|
|a BIBL4-2014-3
|
| 922 |
|
|
|a 4ΕΛΗ
|b 201407
|c ΤΑΚ/ΤΕΠΑΕΣ
|d BEST BOOK HUNTERS
|
| 970 |
|
|
|z 2014/10/01
|